00621nam a2200157 i 4500001000700000003000900007005001700016007000300033008004100036100003800077245020600115260006700321300002100388700003100409852002300440135573ES-MaACL20230906194916.0t|070719s1926 sp ||||1| spa d1 aTorre y del Cerro, Antonio de la.10aDon Cosme Parpal y Marqués b: discurso leído en la sesión necrológica celebrada por la Real Academia de Buenas Letras de Barcelona el 28 de febrero de 1926 / cAntonio de la Torre y del Cerro. aBarcelona : b[Imp. de la Casa provincial de Caridad], c1926. a56 p. ; c26 cm.1 aParpal y Marqués, Cosme. aES-MaACLj1707-F-5